A discourse analysis of electronic mail message in a local business community /
Saved in:
| Main Author: | |
|---|---|
| Format: | Thesis Book |
| Language: | English |
| Published: |
2000.
|
| Subjects: | |
| Online Access: | http://studentsrepo.um.edu.my/id/eprint/2712 |
| Tags: |
Add Tag
No Tags, Be the first to tag this record!
|
| LEADER | 01293cam a2200301 a 4500 | ||
|---|---|---|---|
| 001 | u484537 | ||
| 003 | SIRSI | ||
| 008 | 920820s2000 my t 00 11 eng m | ||
| 035 | |a ACP-8960 | ||
| 040 | |a UMM |d UMB | ||
| 090 | |a PE1128 |b UM 2000 Ng | ||
| 093 | |a PE1128 |b UM 2001 Ng | ||
| 100 | 1 | 0 | |a Ng, Yong Kiang. |
| 245 | 1 | 2 | |a A discourse analysis of electronic mail message in a local business community / |c Ng Yong Kiang. |
| 260 | |c 2000. | ||
| 300 | |a xiv, 150 leaves : |b ill ; |c 30 cm. | ||
| 502 | |a Dissertation (M.E.S.L.) -- Fakulti Bahasa dan Linguistik, Universiti Malaya, 2000. | ||
| 504 | |a Bibliography : leaves 141-146. | ||
| 650 | 0 | |a Discourse analysis. | |
| 650 | 0 | |a Electronic mail messages | |
| 710 | 2 | 0 | |a Universiti Malaya. |b Fakulti Bahasa dan Linguistik. |
| 856 | |f IARC:A511967670 |z Click Here | ||
| 856 | 4 | 1 | |u http://studentsrepo.um.edu.my/id/eprint/2712 |
| 948 | |a 30/06/2001 |b 09/01/2003 | ||
| 596 | |a 1 6 | ||
| 999 | |a PE1128 UM 2000 NG |w LC |c 1 |i A509556225 |d 27/1/2010 |e 27/1/2010 |l STACKS |m P01UTAMA |n 2 |r Y |s Y |t TESIS |u 4/7/2001 | ||
| 999 | |a PE1128 UM 2000 NG |w LC |c 2 |i A510574211 |d 24/9/2012 |e 24/9/2012 |l B_KOM4 |m P01UTAMA |n 6 |r Y |s Y |t TESIS |u 12/12/2001 |o .PUBLIC. BKOM 4 : 42589 | ||
| 999 | |a PE1128 UM 2001 NG |w LC |c 1 |i A503732714 |d 19/6/2013 |e 19/6/2013 |l STACKS |m P06BAHASA |n 1 |r Y |s Y |t TESIS |u 4/9/2001 | ||
